<?xml version="1.0" encoding="UTF-8"?>
<collection xmlns="http://www.loc.gov/MARC21/slim">
 <record>
  <leader>03519nas a2200541   4500</leader>
  <controlfield tag="001">1/50320</controlfield>
  <controlfield tag="008">020724c19  9999gr arzp       0   g0gre d</controlfield>
  <datafield tag="022" ind1=" " ind2=" ">
   <subfield code="a">0257-7240</subfield>
  </datafield>
  <datafield tag="035" ind1=" " ind2=" ">
   <subfield code="l">23941</subfield>
  </datafield>
  <datafield tag="090" ind1=" " ind2=" ">
   <subfield code="a">Αλφαβητική σειρά</subfield>
  </datafield>
  <datafield tag="245" ind1="0" ind2="0">
   <subfield code="a">Επιλογή - Η Eλληνική Oικονομία σε αριθμούς</subfield>
  </datafield>
  <datafield tag="260" ind1=" " ind2=" ">
   <subfield code="a">Αθήνα :</subfield>
   <subfield code="b">Allmedia,</subfield>
   <subfield code="c">[19--]-</subfield>
  </datafield>
  <datafield tag="300" ind1=" " ind2=" ">
   <subfield code="a">τ. ;</subfield>
   <subfield code="c">29 εκ.</subfield>
  </datafield>
  <datafield tag="310" ind1=" " ind2=" ">
   <subfield code="a">Ετήσιο</subfield>
  </datafield>
  <datafield tag="546" ind1=" " ind2=" ">
   <subfield code="a">Ελληνική</subfield>
  </datafield>
  <datafield tag="650" ind1=" " ind2="4">
   <subfield code="a">Οικονομική</subfield>
   <subfield code="z">Ελλάδα</subfield>
   <subfield code="v">Περιοδικά.</subfield>
  </datafield>
  <datafield tag="852" ind1=" " ind2=" ">
   <subfield code="a">INST</subfield>
   <subfield code="b">UNIPILB</subfield>
   <subfield code="c">SERIALS</subfield>
   <subfield code="e">20070412</subfield>
   <subfield code="h">Αλφαβητική σειρά</subfield>
   <subfield code="p">55213</subfield>
   <subfield code="q">55213</subfield>
   <subfield code="t">NOLOAN</subfield>
   <subfield code="v">(Έτος)1984:</subfield>
   <subfield code="y">23</subfield>
  </datafield>
  <datafield tag="852" ind1=" " ind2=" ">
   <subfield code="a">INST</subfield>
   <subfield code="b">UNIPILB</subfield>
   <subfield code="c">SERIALS</subfield>
   <subfield code="e">20070412</subfield>
   <subfield code="h">Αλφαβητική σειρά</subfield>
   <subfield code="p">55214</subfield>
   <subfield code="q">55214</subfield>
   <subfield code="t">NOLOAN</subfield>
   <subfield code="v">(Έτος)1985:</subfield>
   <subfield code="y">23</subfield>
  </datafield>
  <datafield tag="852" ind1=" " ind2=" ">
   <subfield code="a">INST</subfield>
   <subfield code="b">UNIPILB</subfield>
   <subfield code="c">SERIALS</subfield>
   <subfield code="e">20070412</subfield>
   <subfield code="h">Αλφαβητική σειρά</subfield>
   <subfield code="p">55215</subfield>
   <subfield code="q">55215</subfield>
   <subfield code="t">NOLOAN</subfield>
   <subfield code="v">(Έτος)1986:</subfield>
   <subfield code="y">23</subfield>
  </datafield>
  <datafield tag="852" ind1=" " ind2=" ">
   <subfield code="a">INST</subfield>
   <subfield code="b">UNIPILB</subfield>
   <subfield code="c">SERIALS</subfield>
   <subfield code="e">20070412</subfield>
   <subfield code="h">Αλφαβητική σειρά</subfield>
   <subfield code="p">55216</subfield>
   <subfield code="q">55216</subfield>
   <subfield code="t">NOLOAN</subfield>
   <subfield code="v">(Έτος)1987:</subfield>
   <subfield code="y">23</subfield>
  </datafield>
  <datafield tag="852" ind1=" " ind2=" ">
   <subfield code="a">INST</subfield>
   <subfield code="b">UNIPILB</subfield>
   <subfield code="c">SERIALS</subfield>
   <subfield code="e">20070412</subfield>
   <subfield code="h">Αλφαβητική σειρά</subfield>
   <subfield code="p">55217</subfield>
   <subfield code="q">55217</subfield>
   <subfield code="t">NOLOAN</subfield>
   <subfield code="v">(Έτος)1988:</subfield>
   <subfield code="y">23</subfield>
  </datafield>
  <datafield tag="852" ind1=" " ind2=" ">
   <subfield code="a">INST</subfield>
   <subfield code="b">UNIPILB</subfield>
   <subfield code="c">SERIALS</subfield>
   <subfield code="e">20070412</subfield>
   <subfield code="h">Αλφαβητική σειρά</subfield>
   <subfield code="p">55218</subfield>
   <subfield code="q">55218</subfield>
   <subfield code="t">NOLOAN</subfield>
   <subfield code="v">(Έτος)1989:</subfield>
   <subfield code="y">23</subfield>
  </datafield>
  <datafield tag="852" ind1=" " ind2=" ">
   <subfield code="a">INST</subfield>
   <subfield code="b">UNIPILB</subfield>
   <subfield code="c">SERIALS</subfield>
   <subfield code="e">20070412</subfield>
   <subfield code="h">Αλφαβητική σειρά</subfield>
   <subfield code="p">55219</subfield>
   <subfield code="q">55219</subfield>
   <subfield code="t">NOLOAN</subfield>
   <subfield code="v">(Έτος)1990:</subfield>
   <subfield code="y">23</subfield>
  </datafield>
  <datafield tag="852" ind1=" " ind2=" ">
   <subfield code="a">INST</subfield>
   <subfield code="b">UNIPILB</subfield>
   <subfield code="c">SERIALS</subfield>
   <subfield code="e">20070412</subfield>
   <subfield code="h">Αλφαβητική σειρά</subfield>
   <subfield code="p">55220</subfield>
   <subfield code="q">55220</subfield>
   <subfield code="t">NOLOAN</subfield>
   <subfield code="v">(Έτος)1991:</subfield>
   <subfield code="y">23</subfield>
  </datafield>
  <datafield tag="852" ind1=" " ind2=" ">
   <subfield code="a">INST</subfield>
   <subfield code="b">UNIPILB</subfield>
   <subfield code="c">SERIALS</subfield>
   <subfield code="e">20070412</subfield>
   <subfield code="h">Αλφαβητική σειρά</subfield>
   <subfield code="p">55221</subfield>
   <subfield code="q">55221</subfield>
   <subfield code="t">NOLOAN</subfield>
   <subfield code="v">(Έτος)1992:</subfield>
   <subfield code="y">23</subfield>
  </datafield>
  <datafield tag="852" ind1=" " ind2=" ">
   <subfield code="a">INST</subfield>
   <subfield code="b">UNIPILB</subfield>
   <subfield code="c">SERIALS</subfield>
   <subfield code="e">20070412</subfield>
   <subfield code="h">Αλφαβητική σειρά</subfield>
   <subfield code="p">55222</subfield>
   <subfield code="q">55222</subfield>
   <subfield code="t">NOLOAN</subfield>
   <subfield code="v">(Έτος)1993:</subfield>
   <subfield code="y">23</subfield>
  </datafield>
  <datafield tag="852" ind1=" " ind2=" ">
   <subfield code="a">INST</subfield>
   <subfield code="b">UNIPILB</subfield>
   <subfield code="c">SERIALS</subfield>
   <subfield code="e">20070412</subfield>
   <subfield code="h">Αλφαβητική σειρά</subfield>
   <subfield code="p">55223</subfield>
   <subfield code="q">55223</subfield>
   <subfield code="t">NOLOAN</subfield>
   <subfield code="v">(Έτος)1994:</subfield>
   <subfield code="y">23</subfield>
  </datafield>
  <datafield tag="852" ind1=" " ind2=" ">
   <subfield code="a">INST</subfield>
   <subfield code="b">UNIPILB</subfield>
   <subfield code="c">SERIALS</subfield>
   <subfield code="e">20070412</subfield>
   <subfield code="h">Αλφαβητική σειρά</subfield>
   <subfield code="p">55224</subfield>
   <subfield code="q">55224</subfield>
   <subfield code="t">NOLOAN</subfield>
   <subfield code="v">(Έτος)1995:</subfield>
   <subfield code="y">23</subfield>
  </datafield>
  <datafield tag="852" ind1=" " ind2=" ">
   <subfield code="a">INST</subfield>
   <subfield code="b">UNIPILB</subfield>
   <subfield code="c">SERIALS</subfield>
   <subfield code="e">20070412</subfield>
   <subfield code="h">Αλφαβητική σειρά</subfield>
   <subfield code="p">55225</subfield>
   <subfield code="q">55225</subfield>
   <subfield code="t">NOLOAN</subfield>
   <subfield code="v">(Έτος)1996:</subfield>
   <subfield code="y">23</subfield>
  </datafield>
  <datafield tag="852" ind1=" " ind2=" ">
   <subfield code="a">INST</subfield>
   <subfield code="b">UNIPILB</subfield>
   <subfield code="c">SERIALS</subfield>
   <subfield code="e">20070412</subfield>
   <subfield code="h">Αλφαβητική σειρά</subfield>
   <subfield code="p">55226</subfield>
   <subfield code="q">55226</subfield>
   <subfield code="t">NOLOAN</subfield>
   <subfield code="v">(Έτος)1997:</subfield>
   <subfield code="y">23</subfield>
  </datafield>
  <datafield tag="852" ind1=" " ind2=" ">
   <subfield code="a">INST</subfield>
   <subfield code="b">UNIPILB</subfield>
   <subfield code="c">SERIALS</subfield>
   <subfield code="e">20070412</subfield>
   <subfield code="h">Αλφαβητική σειρά</subfield>
   <subfield code="p">55227</subfield>
   <subfield code="q">55227</subfield>
   <subfield code="t">NOLOAN</subfield>
   <subfield code="v">(Έτος)2005:</subfield>
   <subfield code="y">23</subfield>
  </datafield>
  <datafield tag="852" ind1=" " ind2=" ">
   <subfield code="a">INST</subfield>
   <subfield code="b">UNIPILB</subfield>
   <subfield code="c">SERIALS</subfield>
   <subfield code="e">20070412</subfield>
   <subfield code="h">Αλφαβητική σειρά</subfield>
   <subfield code="p">55228</subfield>
   <subfield code="q">55228</subfield>
   <subfield code="t">NOLOAN</subfield>
   <subfield code="v">(Έτος)2007:</subfield>
   <subfield code="y">23</subfield>
  </datafield>
  <datafield tag="852" ind1=" " ind2=" ">
   <subfield code="a">INST</subfield>
   <subfield code="b">UNIPILB</subfield>
   <subfield code="c">SERIALS</subfield>
   <subfield code="e">20080520</subfield>
   <subfield code="h">Αλφαβητική σειρά</subfield>
   <subfield code="p">60618</subfield>
   <subfield code="q">60618</subfield>
   <subfield code="t">NOLOAN</subfield>
   <subfield code="v">(Έτος)2008:</subfield>
   <subfield code="y">23</subfield>
  </datafield>
  <datafield tag="852" ind1=" " ind2=" ">
   <subfield code="a">INST</subfield>
   <subfield code="b">UNIPILB</subfield>
   <subfield code="c">SERIALS</subfield>
   <subfield code="e">20090629</subfield>
   <subfield code="h">Αλφαβητική σειρά</subfield>
   <subfield code="p">64319</subfield>
   <subfield code="q">64319</subfield>
   <subfield code="t">NOLOAN</subfield>
   <subfield code="v">(Έτος)2009:</subfield>
   <subfield code="y">23</subfield>
  </datafield>
  <datafield tag="856" ind1="7" ind2="8">
   <subfield code="u">http://www.economics.gr</subfield>
  </datafield>
  <datafield tag="900" ind1=" " ind2=" ">
   <subfield code="a">(2010)</subfield>
   <subfield code="b">Αν/μενοISS</subfield>
   <subfield code="c">28/12/2023</subfield>
  </datafield>
  <datafield tag="900" ind1=" " ind2=" ">
   <subfield code="a">(1998)</subfield>
   <subfield code="b">Οφειλόμενο</subfield>
   <subfield code="c">12/04/2007</subfield>
  </datafield>
  <datafield tag="900" ind1=" " ind2=" ">
   <subfield code="a">(1999)</subfield>
   <subfield code="b">Οφειλόμενο</subfield>
   <subfield code="c">12/04/2007</subfield>
  </datafield>
  <datafield tag="900" ind1=" " ind2=" ">
   <subfield code="a">(2000)</subfield>
   <subfield code="b">Οφειλόμενο</subfield>
   <subfield code="c">12/04/2007</subfield>
  </datafield>
  <datafield tag="900" ind1=" " ind2=" ">
   <subfield code="a">(2001)</subfield>
   <subfield code="b">Οφειλόμενο</subfield>
   <subfield code="c">12/04/2007</subfield>
  </datafield>
  <datafield tag="900" ind1=" " ind2=" ">
   <subfield code="a">(2002)</subfield>
   <subfield code="b">Οφειλόμενο</subfield>
   <subfield code="c">12/04/2007</subfield>
  </datafield>
  <datafield tag="900" ind1=" " ind2=" ">
   <subfield code="a">(2003)</subfield>
   <subfield code="b">Οφειλόμενο</subfield>
   <subfield code="c">12/04/2007</subfield>
  </datafield>
  <datafield tag="900" ind1=" " ind2=" ">
   <subfield code="a">(2004)</subfield>
   <subfield code="b">Οφειλόμενο</subfield>
   <subfield code="c">12/04/2007</subfield>
  </datafield>
  <datafield tag="900" ind1=" " ind2=" ">
   <subfield code="a">(2006)</subfield>
   <subfield code="b">Οφειλόμενο</subfield>
   <subfield code="c">12/04/2007</subfield>
  </datafield>
  <datafield tag="950" ind1=" " ind2=" ">
   <subfield code="a">01/01/1984</subfield>
   <subfield code="c">ALL MEDIA ΜΕΣΑ ΕΠΙΚΟΙΝΩΝΙΑΣ</subfield>
   <subfield code="d">752</subfield>
  </datafield>
  <datafield tag="951" ind1=" " ind2=" ">
   <subfield code="a">(2007) - (2009)</subfield>
   <subfield code="b">Main run</subfield>
  </datafield>
  <datafield tag="951" ind1=" " ind2=" ">
   <subfield code="a">(1984) - (1997)</subfield>
   <subfield code="b">Main run</subfield>
  </datafield>
  <datafield tag="951" ind1=" " ind2=" ">
   <subfield code="a">(2005)</subfield>
   <subfield code="b">Main run</subfield>
  </datafield>
 </record>
</collection>
